Welcher Ort ist nördlicher? #2 - Statistiken

Allgemein
  • Dieses Quiz wurde 43 mal gespielt
    29 seit der letzten Aktualisierung
  • Das Durchschnittsergebnis liegt bei 6 aus 10
Antwortstatistiken
Frage Antwort % Korrekt
Scheint einfach, ist aber knapp. Paris
88%
Nicht so schwer, oder? Chicago
75%
Und mal wieder ... ist das noch Ruhrgebiet? Hagen
75%
Das geht doch jetzt aber. London
75%
Die grenzen sogar aneinander. Duisburg
63%
Aber zurück nach Deutschland. Halle (Saale)
63%
Jetzt der Norden... Sassnitz (Rügen)
63%
Westlichster gegen östlichster Ort. Neißeaue
50%
...und der Süden Rosenheim
50%
Das ist schon schwieriger. Linz
38%
Keine übereinstimmenden Quizze gefunden
Verteilung der Resultate
Anzahl Personen mit jedem Resultat
Perzentil nach korrekt beantworteten Fragen
Ihre Resultats-Entwicklung
Sie haben dieses Quiz seit der letzten Aktualisierung nicht gespielt